JOURNAL OF PHYSIOLOGY (Record no. 24341)
[ view plain ]
| 000 -LEADER | |
|---|---|
| fixed length control field | 00178nam a22000857a 4500 |
| 003 - CONTROL NUMBER IDENTIFIER | |
| control field | SGT |
| 245 ## - TITLE STATEMENT | |
| Title | JOURNAL OF PHYSIOLOGY |
| 260 ## - PUBLICATION, DISTRIBUTION, ETC. (IMPRINT) | |
| Place of publication, distribution, etc | UK |
| Name of publisher, distributor, etc | WIELY BLACKWELL L |
| Year of Publication | 2009 |
| 942 ## - ADDED ENTRY ELEMENTS (KOHA) | |
| Source of classification or shelving scheme | Dewey Decimal Classification |
| Koha item type | Back Volumes |
| Withdrawn status | Lost status | Source of classification or shelving scheme | Damaged status | Not for loan | Collection code | Home library | Current library | Date acquired | Volume Information (Serial or Books or Non-Book Material) | SGTU | Accession No. (Barcode) | Date last seen | Bill Date | Koha item type |
|---|---|---|---|---|---|---|---|---|---|---|---|---|---|---|
| Dewey Decimal Classification | Not For Loan | MEDICAL | SGT Medical Library | SGT Medical Library | 20/07/2023 | VOL-587, 2009 | SGTU | PM1389 | 20/07/2023 | 20/07/2023 | Back Volumes | |||
| Dewey Decimal Classification | Not For Loan | MEDICAL | SGT Medical Library | SGT Medical Library | 20/07/2023 | VOL-587, 2009 | SGTU | PM1390 | 20/07/2023 | 20/07/2023 | Back Volumes | |||
| Dewey Decimal Classification | Not For Loan | MEDICAL | SGT Medical Library | SGT Medical Library | 20/07/2023 | VOL-587, 2009 | SGTU | PM1391 | 20/07/2023 | 20/07/2023 | Back Volumes | |||
| Dewey Decimal Classification | Not For Loan | MEDICAL | SGT Medical Library | SGT Medical Library | 20/07/2023 | VOL-587, 2009 | SGTU | PM1392 | 20/07/2023 | 20/07/2023 | Back Volumes |